000 00793cam a2200277 i 4500
001 4155084
003 OSt
005 20250901165747.0
008 780809s1978 nyu 000 1 eng
010 _a 78012653
020 _a0684160641
040 _aDLC
_cDLC
_dDLC
050 0 0 _aPZ 4 .M9795 Cas 1978
_bCas 1978
_aPR6063.U738
082 0 0 _a823/.9/14
100 1 _aMurray, Frances.
245 1 0 _aCastaway /
_cFrances Murray.
260 _aNew York :
_bScribner,
_cc1978.
300 _a191 p. ;
_c22 cm.
650 0 _aShipwrecks
_vFiction.
650 0 _aYoung women
_vFiction.
651 0 _aGuernsey
_vFiction.
651 0 _aGreat Britain
_xHistory
_xInvasions
_vFiction.
655 7 _aHistorical fiction.
_2gsafd
906 _a7
_bcbc
_corignew
_d1
_eocip
_f19
_gy-gencatlg
942 _2lcc
_cBK
999 _c8875
_d8875